00447 2200193 4500001002100000005001500021008004100036020002200077035001900099041000700118082001400125090001600139100002000155245001700175250000900192260001900201300001800220650001500238INLIS00000000000550320241224113119241224||||||||| | ||| |||| || |  a978-979-0152-49-6 0010-1224005503 aid0 a551:03:00 a551.3 SHE T0 aJOSEPHA SHERMAN00aTIK!TIK!TIK! aED.1 berlanggac2007 a23 HLM,;24 CM 0aIlmu Murni